00764cam a2200217 a 450000100100000000500170001000800410002704000250006808200180009310000410011124500980015226000600025030000280031049000280033850400280036665100280039465100220042265100340044470000400047883000280051800000571920200929151746.0811207s1978 ve a b 001 0 spa  aDO-SdBNPbspacBNPHU a972.94bN778c1 aNoguera Mora, Neftalí,d1918-1970.10aCielo y suelo de Haití /cNeftalí Noguera Mora ; prólogo de Pedro Rincón Gutiérrez. aMérida, Venezuela :bUniversidad de los Andes,c1978. a111 p. :bil. ;c23 cm.1 aEdiciones del Rectorado aBibliografía : p. 103 4aHaitíxCivilización 4aHaitíxHistoria 4aHaitíxCondiciones Sociales1 aRincón Gutiérrez, Pedro,eprol. 0aEdiciones del Rectorado